000
00322nam a22001337a 4500
008
171013b xxu||||| |||| 00| 0 eng d
020
_a
9780312208622
041
_a
eng
080
_2
7 ED
_a
316
100
_a
51
101
_a
SOC
245
_a
THE ELEMENTS OF SOCIAL SCIENTIC THINKING
_c
HOOVER.K
942
_2
udc
_c
BK
999
_c
33634
_d
33634